000 00575nam a2200193Ia 4500
005 20250508170146.0
008 008 250505s9999 xx 000 0 eng d
037 _aTextual
040 _aFEDL
_beng
_cFEDL
041 _aeng
_2eng
084 _a153.4, BEV
_qFEDL
100 _aBevli UpdeshK
_9783261
245 0 _aConcept formation in children: Eco- cultural context
260 _aNew Delhi, India
_bNational Publishing House
_c1982
300 _a230p.
546 _aGifted by Prof. Poonam Batra
942 _cTEXL
_h153.4, BEV
999 _c1399523
_d1399523